<?xml version="1.0" encoding="UTF-8"?>
<record
    xmlns:xsi="http://www.w3.org/2001/XMLSchema-instance"
    xsi:schemaLocation="http://www.loc.gov/MARC21/slim http://www.loc.gov/standards/marcxml/schema/MARC21slim.xsd"
    xmlns="http://www.loc.gov/MARC21/slim">

  <leader>02792cam a2200253   4500500</leader>
  <controlfield tag="005">20260517000350.0</controlfield>
  <datafield tag="041" ind1=" " ind2=" ">
    <subfield code="a">fre</subfield>
  </datafield>
  <datafield tag="042" ind1=" " ind2=" ">
    <subfield code="a">dc</subfield>
  </datafield>
  <datafield tag="100" ind1="1" ind2="0">
    <subfield code="a">Berthe, Abdramane</subfield>
    <subfield code="e">author</subfield>
  </datafield>
  <datafield tag="700" ind1="1" ind2="0">
    <subfield code="a">Berth&#xE9;-Sanou, Lalla</subfield>
    <subfield code="e">author</subfield>
  </datafield>
  <datafield tag="700" ind1="1" ind2="0">
    <subfield code="a">Konat&#xE9;, Blahima</subfield>
    <subfield code="e">author</subfield>
  </datafield>
  <datafield tag="700" ind1="1" ind2="0">
    <subfield code="a">Hien, Herv&#xE9;</subfield>
    <subfield code="e">author</subfield>
  </datafield>
  <datafield tag="700" ind1="1" ind2="0">
    <subfield code="a">Tou, Fatoumata</subfield>
    <subfield code="e">author</subfield>
  </datafield>
  <datafield tag="700" ind1="1" ind2="0">
    <subfield code="a">Drabo, Maxime</subfield>
    <subfield code="e">author</subfield>
  </datafield>
  <datafield tag="700" ind1="1" ind2="0">
    <subfield code="a">Badini-Kinda, Fatoumata</subfield>
    <subfield code="e">author</subfield>
  </datafield>
  <datafield tag="700" ind1="1" ind2="0">
    <subfield code="a">Macq, Jean</subfield>
    <subfield code="e">author</subfield>
  </datafield>
  <datafield tag="245" ind1="0" ind2="0">
    <subfield code="a">Introduction</subfield>
  </datafield>
  <datafield tag="260" ind1=" " ind2=" ">
    <subfield code="c">2013.
							</subfield>
  </datafield>
  <datafield tag="500" ind1=" " ind2=" ">
    <subfield code="a">72</subfield>
  </datafield>
  <datafield tag="520" ind1=" " ind2=" ">
    <subfield code="a">Beaucoup de personnes et d&#x2019;institutions financi&#xE8;res pensent qu&#x2019;en Afrique subsaharienne, r&#xE9;gion marqu&#xE9;e par des crises sociopolitiques, &#xE9;conomiques et sanitaires, les personnes &#xE2;g&#xE9;es ne constituent pas une priorit&#xE9;. Cette note pr&#xE9;sente et critique leurs perceptions et arguments et cherche &#xE0; d&#xE9;montrer que les personnes &#xE2;g&#xE9;es constituent une population vuln&#xE9;rable prioritaire mais n&#xE9;glig&#xE9;e par l&#x2019;ensemble des acteurs principalement par les partenaires techniques et financiers de ces pays. Elle s&#x2019;inscrit dans une approche consid&#xE9;rant que le d&#xE9;veloppement est un tout. Am&#xE9;liorer les conditions de vie des enfants, des jeunes, des femmes, tout en n&#xE9;gligeant les personnes &#xE2;g&#xE9;es, c&#x2019;est accomplir une aide incompl&#xE8;te pour le d&#xE9;veloppement de ce continent. Quatre raisons principales (syst&#xE9;mique, &#xE9;thique/humanitaire, d&#xE9;veloppementaliste et/ou une question d&#x2019;int&#xE9;r&#xEA;t ou d&#x2019;avenir des g&#xE9;n&#xE9;rations jeunes ou adultes) devraient motiver tous les acteurs &#xE0; faire d&#x2019;elles une population non n&#xE9;glig&#xE9;e en Afrique subsaharienne.</subfield>
  </datafield>
  <datafield tag="520" ind1=" " ind2=" ">
    <subfield code="a">The elderly in sub-Saharan Africa: a vulnerable population often ignored in public policyMany people and financial institutions believe that the elderly are not a priority in sub-Saharan Africa, a region marked by serious economic, socio-political and health crises. The purpose of this paper is to describe and analyze the assumptions and arguments underlying this view and to demonstrate that the elderly are a vulnerable priority population ignored by all stakeholders and primarily by technical and financial partners. The premise is that development must be viewed as a whole. In addition to improving the living conditions of children, youth and women, efforts to promote development in Africa must also take into account the needs of the elderly. The paper argues that there&#xA0;are four main reasons for focusing on the elderly in sub-Saharan Africa: systemic reasons, ethical/humanitarian reasons, developmental reasons and/or the interests and future of youth and adults.</subfield>
  </datafield>
  <datafield tag="786" ind1="0" ind2=" ">
    <subfield code="n">Sant&#xE9; Publique | 25 | 3 | 2013-07-22 | p. 373a-377a | 0995-3914</subfield>
  </datafield>
  <datafield tag="856" ind1="4" ind2="1">
    <subfield code="u">https://stm.cairn.info/revue-sante-publique-2013-3-page-373a?lang=fr&amp;redirect-ssocas=7080</subfield>
  </datafield>
  <datafield tag="999" ind1=" " ind2=" ">
    <subfield code="c">2231703</subfield>
    <subfield code="d">2231703</subfield>
  </datafield>
</record>
